header

The play's the thing (Record no. 1237)

MARC details
000 -LEADER
fixed length control field 01155nam a2200301 a 4500
082 04 - DEWEY DECIMAL CLASSIFICATION NUMBER
Classification number 616.89/1523
100 1# - MAIN ENTRY--AUTHOR NAME
Personal name Jenkyns, Marina.
245 14 - TITLE STATEMENT
Title The play's the thing
260 ## - PUBLICATION, DISTRIBUTION, ETC. (IMPRINT)
Place of publication London ;
-- New York :
Name of publisher Routledge,
Year of publication 1996.
300 ## - PHYSICAL DESCRIPTION
Number of Pages xii, 244 p.
650 #0 - SUBJECT ADDED ENTRY--TOPICAL TERM
Topical Term Drama
856 40 - ELECTRONIC LOCATION AND ACCESS
Uniform Resource Identifier http://site.ebrary.com/lib/rucke/Doc?id=5001584

No items available.

© 2026 Rongo University
Contact us: librarian | system librarian | Rongo university